| 000 | 00633nam a2200229Ia 4500 | ||
|---|---|---|---|
| 003 | GCL | ||
| 008 | 140319s9999 xx 000 0 ara d | ||
| 040 |
_aGCL / _cGCL |
||
| 082 | 0 | 4 |
_a657 _bخ ف |
| 100 | 1 | _aاحمد بسيونى شحاتة | |
| 245 | 1 | 0 |
_aفى تطور الفكر المحاسبى / _cاحمد بسيونى شحاتة |
| 700 | 1 | _aخيرت ضيف | |
| 300 | _a397 ص | ||
| 490 | _a | ||
| 650 | 0 | 4 | _aالمحاسبة |
| 650 | 0 | 4 | _aالارباح |
| 650 | 0 | 4 | _aالاسعار |
| 650 | 0 | 4 | _aالاصول الثابتة |
| 650 | 0 | 4 | _aالخسائر |
| 650 | 0 | 4 | _aاستهلاك الاصول |
| 942 |
_2ddc _cBK |
||
| 999 |
_c45935 _d45935 |
||